Essays on constitutional reform /
Contributed essays with reference to Sri Lanka.
Saved in:
| Corporate Author: | |
|---|---|
| Other Authors: | , |
| Format: | Book |
| Language: | English |
| Published: |
[Colombo] :
Centre for Policy Research Analysis, University of Colombo,
[1995]
|
| Subjects: | |
| Tags: |
Add Tag
No Tags, Be the first to tag this record!
|
| LEADER | 00943aam a2200289 a 4500 | ||
|---|---|---|---|
| 001 | 007727577-2 | ||
| 005 | 20020606104010.5 | ||
| 008 | 970131s1995 ce b s000 0 eng | ||
| 010 | |a 96906561 | ||
| 020 | |a 9559390015 | ||
| 035 | 0 | |a ocm36315598 | |
| 040 | |a DLC |c DLC | ||
| 042 | |a lcode | ||
| 043 | |a a-ce--- | ||
| 050 | 0 | 0 | |a KPS1750 |b .E85 1995 |
| 082 | 0 | 0 | |a 342.5493/03 |2 21 |
| 245 | 0 | 0 | |a Essays on constitutional reform / |c editors, Rohan Edrisinha, Jayadeva Uyangoda. |
| 260 | |a [Colombo] : |b Centre for Policy Research Analysis, University of Colombo, |c [1995] | ||
| 300 | |a ix, 92 p. ; |c 22 cm. | ||
| 504 | |a Includes bibliographical references. | ||
| 520 | |a Contributed essays with reference to Sri Lanka. | ||
| 650 | 0 | |a Constitutional law |z Sri Lanka. | |
| 700 | 1 | |a Edrisinha, Rohan. | |
| 700 | 1 | |a Uyangoda, Jayadeva. | |
| 710 | 2 | |a University of Colombo. |b Centre for Policy Research and Analysis. | |
| 988 | |a 20020608 | ||
| 906 | |0 DLC | ||


